00914cam a22002773a 4500001000500000005001700005008004100022020001700063020001800080020001800098040005000116050001700166082001100183100002700194245007400221260003500295300004000330490004100370500003200411505000800443520009900451521002000550521002000570655003000590700001600620100520230815143035.0890602s1989 nyua j 000 1 eng d a0590417827 : a9780590442640 a9780590417822 aVTLcVTLdPRCdTCAdOCLdBTCTAdLPUdDLCbeng00aPZ7.M3567585 a813.541 aMartin, Ann M.,d1955-10aKaren's Kittycat Club /cAnn M. Martin ; illustrations by Susan Tang. aNew York :bScholastic,c1989. a102 pages :billustrations ;c20 cm1 aBaby-sitters little sister ;vBook 4 a"A little Apple paperback." aN  aKaren wants to start a club like her big sister, but instead of babysitting they will cat-sit. a560 bLexile  aN bRaz-Plus  7aChildren's stories.2lcsh1 aTang, Susan